00000000nam 2200000zi 4500
0019.954792
003CaOODSP
00520250908093127
006m     o  d f      
007cr mn|||||||||
008250904s2025    onc     obs  f000 0 eng d
020 |a9780660787749
040 |aCaOODSP|beng|erda|cCaOODSP
043 |an-cn---|an------
0861 |aPS83-3/486E-PDF
1001 |aFischer, Benedikt,|d1966- |eauthor.
24510|aSubstance use-related overdose among incarceration-exposed individuals : |ba recent literature compilation and review (with primary focus on North America) / |cBenedikt Fischer, Elnaz Moghimi, Tessa Robinson, Sara Johnson.
264 1|aOttawa, Ontario : |bCorrectional Service Canada = Service correctionnel Canada, |c2025.
300 |a1 online resource (iv, 50 pages).
336 |atext|btxt|2rdacontent
337 |acomputer|bc|2rdamedia
338 |aonline resource|bcr|2rdacarrier
4901 |aResearch report ; |vno. R-486
500 |a"Changing lives. Protecting Canadians"--Cover.
500 |aIssued also in French under title: Surdoses liées à la consommation de substances chez les personnes exposées à l'incarcération : compilation et revue de la littérature récente (travaux de recherche portant principalement sur l'Amérique du Nord).
504 |aIncludes bibliographical references (pages 35-50).
520 |a"This exploratory literature review aimed to identify, structure and summarize key recent literature focusing on substance use and specifically drug-related overdose (including related risk-factors/co-variates at different levels, with particular attention to synthetic opioids) and related interventions in correctional populations/settings with main focus on Canada (North America)"--Page 1.
650 0|aDrugs|xOverdose|zCanada|vStatistics.
650 0|aPrisoners|xDrug use|zCanada|vStatistics.
650 0|aSubstance abuse and literature|zNorth America.
655 7|aStatistics|2lcgft
7102 |aCorrectional Service Canada, |eissuing body.
77508|tSurdoses liées à la consommation de substances chez les personnes exposées à l'incarcération : |w(CaOODSP)9.954793
830#0|aResearch report (Correctional Service Canada. Research Branch)|vno. R-486.|w(CaOODSP)9.506063
85640|qPDF|s447 KB|uhttps://publications.gc.ca/collections/collection_2025/scc-csc/PS83-3-486-eng.pdf